000 00541nmm a2200169Ia 4500
008 251105s9999||||xx |||||||||||||||||und||
020 _a9788413052540
041 _aspa
100 _aÍñigo Fernández, Luis E.
245 0 _aBreve historia del mundo :
_b Las claves para entender la historia de la humanidad
264 _a[Madrid, España] :
_bEdiciones Nowtilus,
_c2022
300 _a354 páginas
490 _aBreve historia
650 _aHistory (General)
856 _uhttps://public.digitaliapublishing.com/a/171954
942 _cCF
999 _c76361
_d76361